Statistics for Full House Quiz

Click here to take the quiz!

General Stats

  • This quiz has been taken 635 times
    (136 since last reset)
  • The average score is 18 of 39

Answer Stats

HintAnswer% Correct
Eldest daughterD.J. Tanner
97%
FatherDanny Tanner
94%
His brother-in-lawJesse Katsopolis
93%
Middle daughterStephanie Tanner
93%
D.J.'s best friendKimmy Gibbler
92%
Their goofy friendJoey Gladstone
91%
Youngest daughterMichelle Tanner
90%
Wife of JesseRebecca Donaldson
89%
City where the show is setSan Francisco
89%
His brotherAlex Katsopolis
76%
D.J.'s high school boyfriendSteve Hale
74%
Family dog introduced in Season 3Comet
72%
Son of Jesse and RebeccaNicky Katsopolis
71%
Musician that Jesse has obsession ofElvis Presley
61%
Jesse's original bandJesse and The Rippers
56%
Where did Jesse have a #1 hit?Japan
51%
Their mother who diedPam Katsopolis
51%
Name of Stephanie's best friend in later seasonsGia
48%
Danny and Rebecca's talk showWake Up, San Francisco
48%
Danny's love interest, she filled in for Becky during her maternity leaveVicky Larson
45%
Where did it come from?From the Greek god Hermes, the messenger of the gods
36%
What is Jesse's actual name?Hermes
36%
Legendary band who made several appearances on the showThe Beach Boys
33%
D.J.'s boyfriend who played in Jesse's bandViper
33%
Jesse's original last nameCochran
26%
D.J.'s rich boyfriendNelson
26%
Name of the band that Stephanie formed and bombed a talent competitionGirl Talk
25%
^Her sonRusty
18%
Jesse's fatherNicholas Katsopolis
14%
Name of the two-part series finale"Michelle Rides Again"
13%
Which show did Joey appear on, hosted by Ed McMahon?Star Search
13%
Name of the pilot episode"Our Very First Show"
11%
Jesse and Joey's radio showRush Hour Renegades
11%
Jesse's motherIrene Katsopolis
10%
Danny's other prominent love interestCindy
7%
His band in Season 8Hot Daddy and the Monkey Puppets
6%
Which '70's child star replaced Jesse in The Rippers?Barry Williams
4%
Jesse and Joey's advertisement companyDouble J Creative Services
4%
Name of the band that D.J. and Kimmy tried to startThe Bracelets
0%

Score Distribution

Percentile by Number Answered

Percent of People with Each Score

Your Score History

You have not taken this quiz since the last reset